Alluvial mining: the geology technology and economics of placers (Record no. 83894)
[ view plain ]
| 000 -LEADER | |
|---|---|
| fixed length control field | 01271nam a2200217 a 4500 |
| 008 - FIXED-LENGTH DATA ELEMENTS--GENERAL INFORMATION | |
| fixed length control field | 120416s1983 ||||||||||||||||| || u |
| 020 ## - INTERNATIONAL STANDARD BOOK NUMBER | |
| International Standard Book Number | 0412246309 |
| 050 ## - LIBRARY OF CONGRESS CALL NUMBER | |
| Classification number | TN 278 Mac |
| 100 ## - MAIN ENTRY--PERSONAL NAME | |
| Personal name | McDonald, Eoin H |
| 245 10 - TITLE STATEMENT | |
| Title | Alluvial mining: the geology technology and economics of placers |
| 260 ## - PUBLICATION, DISTRIBUTION, ETC. | |
| Place of publication, distribution, etc. | xv, 508p. |
| Name of publisher, distributor, etc. | Chapman and Hall |
| Date of publication, distribution, etc. | 1983 |
| 300 ## - PHYSICAL DESCRIPTION | |
| Extent | xv, 508p. : ill. |
| 350 ## - | |
| -- | 0.00 |
| 650 ## - SUBJECT ADDED ENTRY--TOPICAL TERM | |
| Topical term or geographic name entry element | Placer deposits |
| 650 ## - SUBJECT ADDED ENTRY--TOPICAL TERM | |
| Topical term or geographic name entry element | Placer mining |
| 995 ## - | |
| -- | TEXTBOOKS (MIN.ENG.) |
| -- | 0.00 |
| -- | 03000 |
| -- | CBU-SCHOOL TEXTBOOK COLLECTIONS |
| -- | 1 |
| -- | 0.00 |
| -- | SCHOOL TEXTBOOK |
| -- | 2 |
| -- | AVAILABLE |
| -- | Jul 20, 2009 |
| -- | 03000 |
| -- | Main Library Open Access Collection |
| 995 ## - | |
| -- | TEXTBOOKS (MIN.ENG.) |
| -- | 0.00 |
| -- | 5116 |
| -- | CBU-SCHOOL TEXTBOOK COLLECTIONS |
| -- | 1 |
| -- | 0.00 |
| -- | SCHOOL TEXTBOOK |
| -- | 4 |
| -- | AVAILABLE |
| -- | Aug 21, 2009 |
| -- | 5116 |
| -- | School Collections |
| 995 ## - | |
| -- | TEXTBOOKS (MIN.ENG.) |
| -- | 0.00 |
| -- | 3604 |
| -- | CBU-SCHOOL TEXTBOOK COLLECTIONS |
| -- | 1 |
| -- | 0.00 |
| -- | SCHOOL TEXTBOOK |
| -- | 3 |
| -- | AVAILABLE |
| -- | Aug 17, 2009 |
| -- | 3604 |
| -- | School Collections |
| 995 ## - | |
| -- | TEXTBOOKS (MIN.ENG.) |
| -- | 0.00 |
| -- | 5117 |
| -- | CBU-SCHOOL TEXTBOOK COLLECTIONS |
| -- | 1 |
| -- | 0.00 |
| -- | SCHOOL TEXTBOOK |
| -- | 5 |
| -- | AVAILABLE |
| -- | Aug 21, 2009 |
| -- | 5117 |
| -- | School Collections |
| 995 ## - | |
| -- | ANNEX COLLECTION (Main Library) |
| -- | 0.00 |
| -- | 713584 |
| -- | CBU-MAIN LIBRARY (Kitwe) |
| -- | 1 |
| -- | 38.00 |
| -- | TN 278 Mac |
| -- | AVAILABLE |
| -- | 015816 |
| -- | Annex Low-Usage Collection |
| 999 ## - | |
| -- | 83894 |
| -- | 83894 |
| Withdrawn status | Lost status | Source of classification or shelving scheme | Damaged status | Not for loan | Permanent Location | Current Location | Shelving location | Date acquired | Total Checkouts | Full call number | Barcode | Date last seen | Copy number | Price effective from | Koha item type |
|---|---|---|---|---|---|---|---|---|---|---|---|---|---|---|---|
| CBU-MAIN LIBRARY, KITWE. | CBU-MAIN LIBRARY, KITWE. | 01/08/2024 | TN 278 Mac | 015816 | 01/08/2024 | 5 | 01/08/2024 | MONOGRAPH | |||||||
| CBU-SCHOOL TEXT BOOK COLLECTION | CBU-SCHOOL TEXT BOOK COLLECTION | 01/08/2024 | SCHOOL TEXTBOOK | 03000 | 01/08/2024 | 1 | 01/08/2024 | MONOGRAPH | |||||||
| CBU-SCHOOL TEXT BOOK COLLECTION | CBU-SCHOOL TEXT BOOK COLLECTION | 01/08/2024 | SCHOOL TEXTBOOK | 5116 | 01/08/2024 | 2 | 01/08/2024 | MONOGRAPH | |||||||
| CBU-SCHOOL TEXT BOOK COLLECTION | CBU-SCHOOL TEXT BOOK COLLECTION | 01/08/2024 | SCHOOL TEXTBOOK | 3604 | 01/08/2024 | 3 | 01/08/2024 | MONOGRAPH | |||||||
| CBU-SCHOOL TEXT BOOK COLLECTION | CBU-SCHOOL TEXT BOOK COLLECTION | 01/08/2024 | SCHOOL TEXTBOOK | 5117 | 01/08/2024 | 4 | 01/08/2024 | MONOGRAPH |